000 00584nam a2200181Ia 4500
003 GCL
008 140319s9999 xx 000 0 ara d
040 _aGCL /
_cGCL
082 0 4 _aط
_b922.1
_bا ط
100 1 _aاحمد سويلم العمرى
245 1 0 _aاسامة بن زيد /
_cاحمد سويلم العمرى
260 _a[S.N] :
_bوحدة ثقافة الطفل بشركة سفير
490 _aطفولة عظماء الاسلام
_v0
650 0 4 _aالاطفال
650 0 4 _aالتاريخ الاسلامى
650 0 4 _aاعلام العرب
942 _2ddc
_cBK
999 _c57587
_d57587